La Crónica rimada de las cosas de España. Restaurada por Eduardo de la Barra para el VI Congreso Científico de Chile celebrado en La Serena el año de 1900 bajo la Presidencia de D.Máximo Cienfuegos
সংরক্ষণ করুন:
| প্রধান লেখক: | |
|---|---|
| বিন্যাস: | গ্রন্থ |
| ভাষা: | স্প্যানিশ |
| প্রকাশিত: |
Santiago
Imprenta Cervantes
1900
|
| সংস্করন: | 1a. ed |
| বিষয়গুলি: | |
| ট্যাগগুলো: |
ট্যাগ যুক্ত করুন
কোনো ট্যাগ নেই, প্রথমজন হিসাবে ট্যাগ করুন!
|
MARC
| LEADER | 00000nam a2200000 a 4500 | ||
|---|---|---|---|
| 001 | UCJ5711 | ||
| 003 | CL-VaPUC | ||
| 008 | 070124e19000000CL |||||||||||||||||spa|d | ||
| 082 | 0 | 4 | |a Ch864 |b BAR |2 21 |
| 100 | 0 | |a Barra, Eduardo de la |e author |9 390300 | |
| 245 | 1 | 3 | |a La Crónica rimada de las cosas de España. Restaurada por Eduardo de la Barra para el VI Congreso Científico de Chile celebrado en La Serena el año de 1900 bajo la Presidencia de D.Máximo Cienfuegos |
| 250 | |a 1a. ed | ||
| 300 | |a 111 p | ||
| 942 | |c BK | ||
| 945 | |d 20070124 00:00:00 |a rinostro | ||
| 260 | |a Santiago |b Imprenta Cervantes |c 1900 | ||
| 500 | |a Advierte errata. Empastado junto a otros folletos del mismo autor en un volumen rotulado con ocho títulos, de los cuales el primero es 'La hoja perdida del poema del Cid' | ||
| 650 | 0 | |a Crítica literaria |9 269189 | |
| 650 | 0 | |a Historia |9 255047 | |
| 650 | 0 | |a Poesía española |9 264938 | |
| 650 | 7 | |a CANTARES DE GESTA |2 CL-VaPUC |9 443313 | |
| 650 | 7 | |a CONGRESO CIENTIFICO |2 CL-VaPUC |9 511300 | |
| 651 | 0 | |a España |9 254926 | |
| 651 | 0 | |a La Serena |9 313924 | |
| 583 | |a last modification |c 20130831 12:29:33 |k Rodrigo Vera | ||
| 999 | |c 321820 |d 321818 | ||
| 952 | |0 0 |1 0 |4 0 |6 CH_864_000000000000000_BAR_1900 |7 0 |8 X |9 400674 |a FDOBUD |b FDOBUD |d 2019-11-22 |i 1038567 |o Ch864 BAR 1900 |p 1038567 |r 2019-11-22 |w 2019-11-22 |y BK_X |k BUD | ||